Statistics for Municipalities of Piedmont (with a map)

Click here to take the quiz!

General Stats

  • This quiz has been taken 347 times
  • The average score is 97 of 1181

Answers on the Map

Answers color-coded by a green-red scale on the quiz's map according to % correct below.
 

Answer Stats

Comune% Correct
Turin
95%
Alessandria
89%
Cuneo
88%
Novara
86%
Asti
82%
Bee
82%
Biella
82%
Vercelli
82%
Verbania
70%
Bra
67%
Alba
60%
Moncalieri
59%
Novi Ligure
58%
Domodossola
56%
Pinerolo
56%
Ivrea
53%
Tortona
53%
Nichelino
51%
Casale Monferrato
49%
Bardonecchia
48%
Rivoli
47%
Settimo Torinese
47%
Chivasso
45%
Chieri
44%
Mondovì
44%
Saluzzo
44%
Carmagnola
42%
Sestriere
42%
Collegno
40%
Susa
40%
Venaria Reale
40%
Grugliasco
38%
Limone Piemonte
33%
Santhià
33%
Orbassano
32%
San Mauro Torinese
32%
Pino Torinese
30%
Stresa
30%
Acqui Terme
29%
Fossano
29%
Oulx
29%
Ovada
29%
Arona
27%
Borgomanero
27%
Caselle Torinese
27%
Fenestrelle
27%
Montà
27%
Savigliano
27%
Ceres
26%
Cirié
26%
Moncenisio
26%
Trino
26%
Barolo
25%
Borgosesia
25%
Pragelato
25%
Sauze d'Oulx
25%
Cesana Torinese
23%
Macugnaga
23%
Omegna
23%
Racconigi
23%
Rivarolo Canavese
23%
Trecate
23%
Avigliana
22%
Beinasco
22%
Cavour
22%
Ceresole Reale
22%
Claviere
22%
Dronero
22%
Leini
22%
Sale
22%
Villanova d'Asti
22%
Alpignano
21%
Borgo San Dalmazzo
21%
Canelli
21%
Giaveno
21%
Nizza Monferrato
21%
Pont Canavese
21%
Re
21%
San Maurizio Canavese
21%
Villar Perosa
21%
Alagna Valsesia
19%
Cherasco
19%
Cossato
19%
Cuorgnè
19%
Druento
19%
Exilles
19%
Noasca
19%
Pecetto Torinese
19%
Piossasco
19%
Varallo
19%
Villar Pellice
19%
Agliè
18%
Baldissero Torinese
18%
Gravellona Toce
18%
Lanzo Torinese
18%
Novalesa
18%
Oleggio
18%
Perosa Argentina
18%
Serravalle Scrivia
18%
Torre Pellice
18%
Usseaux
18%
Valenza
18%
Vicolungo
18%
Vinovo
18%
Viù
18%
Castiglione Torinese
16%
Luserna San Giovanni
16%
Orta San Giulio
16%
Pianezza
16%
Poirino
16%
Quargnento
16%
Quassolo
16%
Usseglio
16%
Ala di Stura
15%
Boves
15%
Brandizzo
15%
Bussoleno
15%
Candiolo
15%
Ceva
15%
Cinzano
15%
Gassino Torinese
15%
Gattinara
15%
Mathi
15%
Momo
15%
Moncalvo
15%
Nole
15%
Piobesi Torinese
15%
Quincinetto
15%
Riva presso Chieri
15%
San Raffaele Cimena
15%
Sant'Ambrogio di Torino
15%
Villanova Canavese
15%
Villarbasse
15%
Villar Dora
15%
Volpiano
15%
Bellinzago Novarese
14%
Biandrate
14%
Bobbio Pellice
14%
Borgaro Torinese
14%
Briga Alta
14%
Carignano
14%
Carrù
14%
Cavaglià
14%
Ferrere
14%
Gozzano
14%
Groscavallo
14%
La Loggia
14%
None
14%
Oglianico
14%
Ornavasso
14%
Osasco
14%
Osasio
14%
Ozegna
14%
Piscina
14%
Piverone
14%
Prali
14%
Pralormo
14%
Robassomero
14%
Ronco Canavese
14%
Rossa
14%
San Benigno Canavese
14%
San Sebastiano da Po
14%
Venaus
14%
Volpedo
14%
Argentera
12%
Cambiano
12%
Cameri
12%
Canale
12%
Carema
12%
Caselette
12%
Cercenasco
12%
Chialamberto
12%
Chianocco
12%
Chiomonte
12%
Coazzolo
12%
Condove
12%
Crescentino
12%
Entracque
12%
Favria
12%
Feletto
12%
Forno Canavese
12%
Garessio
12%
Grinzane Cavour
12%
Livorno Ferraris
12%
Monteu Roero
12%
Neive
12%
Rivalta di Torino
12%
Rivara
12%
Rocca Canavese
12%
San Carlo Canavese
12%
San Giorgio Canavese
12%
San Giusto Canavese
12%
Santena
12%
Santo Stefano Belbo
12%
Sauze di Cesana
12%
Settimo Rottaro
12%
Settimo Vittone
12%
Torre Canavese
12%
Trofarello
12%
Verolengo
12%
Villanova Mondovì
12%
Vinadio
12%
Viverone
12%
Alfiano Natta
11%
Alpette
11%
Arquata Scrivia
11%
Balangero
11%
Baldissero Canavese
11%
Balme
11%
Barone Canavese
11%
Baveno
11%
Beinette
11%
Busano
11%
Cafasse
11%
Caluso
11%
Candelo
11%
Cantoira
11%
Castellamonte
11%
Castelmagno
11%
Castelnuovo Nigra
11%
Chiesanuova
11%
Cigliano
11%
Coazze
11%
Colleretto Giacosa
11%
Diano d'Alba
11%
Fiano
11%
Frabosa Soprana
11%
Frabosa Sottana
11%
Frassinetto
11%
Gavi
11%
Givoletto
11%
Ingria
11%
La Morra
11%
Locana
11%
Manta
11%
Marene
11%
Mompantero
11%
Monforte d'Alba
11%
Montalenghe
11%
Monteu da Po
11%
Morozzo
11%
Orio Canavese
11%
Pancalieri
11%
Piobesi d'Alba
11%
Pomaretto
11%
Pombia
11%
Quattordio
11%
Rorà
11%
Rosta
11%
San Didero
11%
San Francesco al Campo
11%
Serralunga d'Alba
11%
Sparone
11%
Traves
11%
Valchiusa
11%
Valprato Soana
11%
Vicoforte
11%
Villafranca d'Asti
11%
Villarboit
11%
Villastellone
11%
Acceglio
10%
Andezeno
10%
Andrate
10%
Arborio
10%
Armeno
10%
Azeglio
10%
Bagnasco
10%
Balocco
10%
Borgo d'Ale
10%
Borgone Susa
10%
Borgo Vercelli
10%
Busca
10%
Cantarana
10%
Caraglio
10%
Caramagna Piemonte
10%
Casalborgone
10%
Castagneto Po
10%
Castagnole delle Lanze
10%
Castellazzo Bormida
10%
Castelletto Sopra Ticino
10%
Castelnuovo Scrivia
10%
Cavagnolo
10%
Cavallermaggiore
10%
Chiusa di Pesio
10%
Coassolo Torinese
10%
Cocconato
10%
Felizzano
10%
Formazza
10%
Galliate
10%
Greggio
10%
Grosso
10%
Guarene
10%
Isolabella
10%
Isola d'Asti
10%
Lombardore
10%
Lombriasco
10%
Mango
10%
Marmora
10%
Meana di Susa
10%
Mercenasco
10%
Mombello di Torino
10%
Monastero di Lanzo
10%
Moncucco Torinese
10%
Montaldo Torinese
10%
Montanaro
10%
Montelupo Albese
10%
Montemagno
10%
Palazzo Canavese
10%
Pavarolo
10%
Pavone Canavese
10%
Perosa Canavese
10%
Peveragno
10%
Piedicavallo
10%
Pontechianale
10%
Portacomaro
10%
Pramollo
10%
Prasco
10%
Revello
10%
Ribordone
10%
Rivarossa
10%
Roccaforte Mondovì
10%
Roddi
10%
Romentino
10%
Salassa
10%
Saluggia
10%
Salza di Pinerolo
10%
Sampeyre
10%
San Damiano Macra
10%
San Germano Chisone
10%
San Martino Canavese
10%
San Secondo di Pinerolo
10%
Sant'Antonino di Susa
10%
Scalenghe
10%
Scopa
10%
Scopello
10%
Strambinello
10%
Strambino
10%
Tonco
10%
Torrazza Piemonte
10%
Trana
10%
Traversella
10%
Treiso
10%
Tronzano Vercellese
10%
Val della Torre
10%
Valfenera
10%
Verzuolo
10%
Vialfrè
10%
Villadossola
10%
Villar Focchiardo
10%
Volvera
10%
Alice Castello
8%
Ameno
8%
Banchette
8%
Barge
8%
Benevello
8%
Bianzè
8%
Bollengo
8%
Borgiallo
8%
Borgomasino
8%
Bosconero
8%
Bosio
8%
Bricherasio
8%
Bruino
8%
Bruzolo
8%
Candia Canavese
8%
Caravino
8%
Caresana
8%
Caresanablot
8%
Carrega Ligure
8%
Cartignano
8%
Castagnole Monferrato
8%
Castagnole Piemonte
8%
Castell'Alfero
8%
Castellinaldo d'Alba
8%
Castelnuovo Don Bosco
8%
Cavatore
8%
Cella Monte
8%
Ciconio
8%
Cravanzana
8%
Cumiana
8%
Demonte
8%
Dusino San Michele
8%
Fara Novarese
8%
Fiorano Canavese
8%
Foglizzo
8%
Frassineto Po
8%
Frassino
8%
Front
8%
Gabiano
8%
Germagnano
8%
Ghemme
8%
Giaglione
8%
Gravere
8%
La Cassa
8%
Lagnasco
8%
Lauriano
8%
Lemie
8%
Loranzè
8%
Lu e Cuccaro Monferrato
8%
Lusigliè
8%
Macra
8%
Mappano
8%
Massello
8%
Mazzè
8%
Mombarcaro
8%
Mombaruzzo
8%
Montalto Dora
8%
Morano sul Po
8%
Moretta
8%
Nomaglio
8%
Occimiano
8%
Ormea
8%
Ottiglio
8%
Perrero
8%
Pessinetto
8%
Pianfei
8%
Pietraporzio
8%
Quagliuzzo
8%
Reano
8%
Rivalba
8%
Roburent
8%
Roccaverano
8%
Rondissone
8%
Roure
8%
Rubiana
8%
Salasco
8%
Sambuco
8%
Sangano
8%
San Gillio
8%
San Giorio di Susa
8%
San Salvatore Monferrato
8%
Sciolze
8%
Sommariva del Bosco
8%
Tavagnasco
8%
Tonengo
8%
Vaie
8%
Valdieri
8%
Vallo Torinese
8%
Valperga
8%
Vaprio d'Agogna
8%
Vauda Canavese
8%
Vigliano Biellese
8%
Villafranca Piemonte
8%
Villareggia
8%
Viola
8%
Vische
8%
Vistrorio
8%
Albiano d'Ivrea
7%
Alluvioni Piovera
7%
Altavilla Monferrato
7%
Arignano
7%
Baceno
7%
Bagnolo Piemonte
7%
Baldissero d'Alba
7%
Barbania
7%
Barbaresco
7%
Bergolo
7%
Bibiana
7%
Bistagno
7%
Borgofranco d'Ivrea
7%
Bossolasco
7%
Brossasco
7%
Brusasco
7%
Bubbio
7%
Burolo
7%
Buronzo
7%
Buttigliera Alta
7%
Cantalupa
7%
Caprauna
7%
Cardè
7%
Carisio
7%
Carrosio
7%
Casalgrasso
7%
Casalino
7%
Cascinette d'Ivrea
7%
Casorzo
7%
Casteldelfino
7%
Castino
7%
Centallo
7%
Cerano
7%
Ceresole d'Alba
7%
Cervasca
7%
Chiaverano
7%
Chiusa di San Michele
7%
Clavesana
7%
Corio
7%
Cortemilia
7%
Cossano Belbo
7%
Crevoladossola
7%
Crodo
7%
Cuceglio
7%
Dogliani
7%
Frossasco
7%
Gaglianico
7%
Garbagna
7%
Genola
7%
Govone
7%
Grana
7%
Issiglio
7%
Lessolo
7%
Levone
7%
Lusernetta
7%
Macello
7%
Magliano Alfieri
7%
Marentino
7%
Martiniana Po
7%
Mattie
7%
Meina
7%
Melle
7%
Mombaldone
7%
Mombasiglio
7%
Monastero Bormida
7%
Moncrivello
7%
Montafia
7%
Monterosso Grana
7%
Montezemolo
7%
Moriondo Torinese
7%
Murisengo
7%
Novello
7%
Nucetto
7%
Olcenengo
7%
Ostana
7%
Oviglio
7%
Paesana
7%
Palazzolo Vercellese
7%
Parella
7%
Pettenasco
7%
Piedimulera
7%
Polonghera
7%
Pontecurone
7%
Pontestura
7%
Ponzone
7%
Pradleves
7%
Prascorsano
7%
Pratiglione
7%
Priero
7%
Roatto
7%
Robilante
7%
Romano Canavese
7%
Rosazza
7%
Sala Monferrato
7%
Salbertrand
7%
Salerano Canavese
7%
San Colombano Belmonte
7%
San Damiano d'Asti
7%
Sanfront
7%
San Maurizio d'Opaglio
7%
San Pietro Val Lemina
7%
Santa Vittoria d'Alba
7%
Santo Stefano Roero
7%
Scarmagno
7%
Scarnafigi
7%
Sozzago
7%
Spigno Monferrato
7%
Torre Bormida
7%
Val di Chy
7%
Varisella
7%
Verduno
7%
Vesime
7%
Vezza d'Alba
7%
Vidracco
7%
Vignale Monferrato
7%
Vignolo
7%
Vigone
7%
Villafalletto
7%
Virle Piemonte
7%
Airasca
5%
Alice Bel Colle
5%
Almese
5%
Angrogna
5%
Antrona Schieranco
5%
Aramengo
5%
Asigliano Vercellese
5%
Bairo
5%
Baldichieri d'Asti
5%
Bastia Mondovì
5%
Bellino
5%
Bene Vagienna
5%
Borgomale
5%
Borgo Ticino
5%
Briga Novarese
5%
Briona
5%
Buriasco
5%
Buttigliera d'Asti
5%
Calamandrana
5%
Calliano
5%
Caltignaga
5%
Canischio
5%
Cannero Riviera
5%
Cannobio
5%
Canosio
5%
Cantalupo Ligure
5%
Capriata d'Orba
5%
Caprie
5%
Castagnito
5%
Castellazzo Novarese
5%
Castelletto Monferrato
5%
Castelletto Stura
5%
Castelletto Uzzone
5%
Castelnuovo Bormida
5%
Castiglione Tinella
5%
Cavallerleone
5%
Cellarengo
5%
Celle di Macra
5%
Cerrione
5%
Cintano
5%
Colleretto Castelnuovo
5%
Conzano
5%
Corneliano d'Alba
5%
Cortazzone
5%
Costanzana
5%
Costigliole d'Asti
5%
Crissolo
5%
Cureggio
5%
Desana
5%
Donato
5%
Elva
5%
Envie
5%
Farigliano
5%
Fontaneto d'Agogna
5%
Frassinello Monferrato
5%
Gaiola
5%
Gorzegno
5%
Incisa Scapaccino
5%
Inverso Pinasca
5%
Lamporo
5%
Lesegno
5%
Maggiora
5%
Magliano Alpi
5%
Maglione
5%
Merana
5%
Mergozzo
5%
Mezzenile
5%
Mirabello Monferrato
5%
Moiola
5%
Molare
5%
Mombercelli
5%
Monale
5%
Monchiero
5%
Montechiaro d'Asti
5%
Murazzano
5%
Narzole
5%
Netro
5%
Neviglie
5%
Niella Tanaro
5%
Oncino
5%
Ozzano Monferrato
5%
Pagno
5%
Pella
5%
Pertusio
5%
Piasco
5%
Pila
5%
Pinasca
5%
Piozzo
5%
Prazzo
5%
Priocca
5%
Prunetto
5%
Revigliasco d'Asti
5%
Rivalta Bormida
5%
Rocchetta Tanaro
5%
Roddino
5%
Roletto
5%
Ronsecco
5%
Roppolo
5%
Rovasenda
5%
Rueglio
5%
Sala Biellese
5%
Sale San Giovanni
5%
Saliceto
5%
Samone
5%
San Germano Vercellese
5%
San Marzano Oliveto
5%
San Michele Mondovì
5%
San Pietro Mosezzo
5%
San Ponso
5%
Sant'Albano Stura
5%
Serole
5%
Serravalle Langhe
5%
Serravalle Sesia
5%
Somano
5%
Sommariva Perno
5%
Soriso
5%
Strevi
5%
Stroppiana
5%
Stroppo
5%
Suno
5%
Tigliole
5%
Trasquera
5%
Tricerro
5%
Trinità
5%
Trisobbio
5%
Valgrana
5%
Venasca
5%
Vernante
5%
Verrua Savoia
5%
Vestignè
5%
Villanova Monferrato
5%
Villar San Costanzo
5%
Zimone
5%
Aisone
4%
Albaretto della Torre
4%
Albugnano
4%
Alto
4%
Andorno Micca
4%
Antignano
4%
Avolasca
4%
Balzola
4%
Belforte Monferrato
4%
Belgirate
4%
Bernezzo
4%
Berzano di San Pietro
4%
Borghetto di Borbera
4%
Borgoratto Alessandrino
4%
Bosia
4%
Brosso
4%
Cabella Ligure
4%
Calosso
4%
Campiglione-Fenile
4%
Carpeneto
4%
Carpignano Sesia
4%
Casaleggio Boiro
4%
Cassinasco
4%
Cassine
4%
Cassinelle
4%
Castellero
4%
Castelletto d'Erro
4%
Castelletto d'Orba
4%
Castelnuovo Belbo
4%
Castelnuovo Calcea
4%
Celle Enomondo
4%
Cerreto Grue
4%
Cerretto Langhe
4%
Cerrina
4%
Cessole
4%
Cissone
4%
Cisterna d'Asti
4%
Cossano Canavese
4%
Costigliole Saluzzo
4%
Denice
4%
Dormelletto
4%
Fabbrica Curone
4%
Feisoglio
4%
Formigliana
4%
Frinco
4%
Gambasca
4%
Garzigliana
4%
Grazzano Badoglio
4%
Grignasco
4%
Invorio
4%
Isasca
4%
Lenta
4%
Lerma
4%
Loazzolo
4%
Magnano
4%
Malesco
4%
Maretto
4%
Margarita
4%
Masio
4%
Melazzo
4%
Mongrando
4%
Montanera
4%
Montegrosso d'Asti
4%
Mornese
4%
Mottalciata
4%
Murello
4%
Occhieppo Inferiore
4%
Occhieppo Superiore
4%
Odalengo Grande
4%
Odalengo Piccolo
4%
Pamparato
4%
Paruzzaro
4%
Pino d'Asti
4%
Piovà Massaia
4%
Pocapaglia
4%
Pogno
4%
Pollone
4%
Porte
4%
Prarostino
4%
Prato Sesia
4%
Predosa
4%
Priola
4%
Refrancore
4%
Ricaldone
4%
Rifreddo
4%
Rocca de' Baldi
4%
Rocchetta Palafea
4%
Romagnano Sesia
4%
Rossana
4%
Sagliano Micca
4%
Salussola
4%
Sanfrè
4%
San Giorgio Monferrato
4%
San Martino Alfieri
4%
San Sebastiano Curone
4%
Santa Maria Maggiore
4%
Sessame
4%
Silvano d'Orba
4%
Sinio
4%
Solero
4%
Tarantasca
4%
Valdilana
4%
Valduggia
4%
Valgioie
4%
Varallo Pombia
4%
Varzo
4%
Verrone
4%
Vigliano d'Asti
4%
Villanova Solaro
4%
Vinchio
4%
Vottignasco
4%
Agliano Terme
3%
Albera Ligure
3%
Alzano Scrivia
3%
Arguello
3%
Basaluzzo
3%
Bassignana
3%
Battifollo
3%
Belvedere Langhe
3%
Bergamasco
3%
Berzano di Tortona
3%
Bognanco
3%
Borgomezzavalle
3%
Borgo San Martino
3%
Bosco Marengo
3%
Bozzole
3%
Brignano-Frascata
3%
Brondello
3%
Bruno
3%
Brusnengo
3%
Camagna Monferrato
3%
Camerana
3%
Camerano Casasco
3%
Camino
3%
Capriglio
3%
Carcoforo
3%
Carentino
3%
Cartosio
3%
Casalbeltrame
3%
Castel Boglione
3%
Castelletto Cervo
3%
Castelletto Molina
3%
Castellino Tanaro
3%
Castello di Annone
3%
Castel Rocchero
3%
Castelspina
3%
Castiglione Falletto
3%
Cereseto
3%
Cerreto d'Asti
3%
Cerro Tanaro
3%
Cervere
3%
Chiusano d'Asti
3%
Cinaglio
3%
Coggiola
3%
Collobiano
3%
Coniolo
3%
Cortandone
3%
Cortanze
3%
Cortiglione
3%
Cossombrato
3%
Cremolino
3%
Dernice
3%
Fontanetto Po
3%
Fraconalto
3%
Fresonara
3%
Frugarolo
3%
Gamalero
3%
Garbagna Novarese
3%
Ghiffa
3%
Gottasecca
3%
Grognardo
3%
Igliano
3%
Lequio Berria
3%
Lequio Tanaro
3%
Lesa
3%
Lessona
3%
Levice
3%
Lignana
3%
Marano Ticino
3%
Maranzana
3%
Marsaglia
3%
Masera
3%
Moasca
3%
Monastero di Vasco
3%
Monesiglio
3%
Mongardino
3%
Montaldo Bormida
3%
Montaldo di Mondovì
3%
Montaldo Roero
3%
Montegioco
3%
Montemale di Cuneo
3%
Monticello d'Alba
3%
Montiglio Monferrato
3%
Moransengo
3%
Olmo Gentile
3%
Pallanzeno
3%
Passerano Marmorito
3%
Perletto
3%
Pettinengo
3%
Pezzana
3%
Pezzolo Valle Uzzone
3%
Piea
3%
Pieve Vergonte
3%
Pozzolo Formigaro
3%
Prarolo
3%
Pray
3%
Premia
3%
Quaranti
3%
Quarona
3%
Quinto Vercellese
3%
Rittana
3%
Rive
3%
Roaschia
3%
Robella
3%
Roccabruna
3%
Rocca Grimalda
3%
Roccasparvera
3%
Roccavione
3%
Rocchetta Belbo
3%
Rodello
3%
Ruffia
3%
Salmour
3%
San Cristoforo
3%
Sandigliano
3%
San Giacomo Vercellese
3%
San Giorgio Scarampi
3%
San Paolo Solbrito
3%
Scagnello
3%
Sezzadio
3%
Soglio
3%
Sordevolo
3%
Stazzano
3%
Terruggia
3%
Terzo
3%
Torre Mondovì
3%
Trezzo Tinella
3%
Valloriate
3%
Viale
3%
Villalvernia
3%
Villanova Biellese
3%
Villa San Secondo
3%
Villata
3%
Visone
3%
Vogogna
3%
Voltaggio
3%
Zubiena
3%
Albano Vercellese
1%
Alto Sermenza
1%
Anzola d'Ossola
1%
Arizzano
1%
Azzano d'Asti
1%
Balmuccia
1%
Bannio Anzino
1%
Belveglio
1%
Boca
1%
Bonvicino
1%
Borgolavezzaro
1%
Briaglia
1%
Brozolo
1%
Camburzano
1%
Campertogno
1%
Campiglia Cervo
1%
Carbonara Scrivia
1%
Carezzano
1%
Casal Cermelli
1%
Casalnoceto
1%
Casanova Elvo
1%
Casasco
1%
Cassano Spinola
1%
Castellania Coppi
1%
Castellar Guidobono
1%
Castelletto Merli
1%
Castelnuovo di Ceva
1%
Cavaglio d'Agogna
1%
Cavallirio
1%
Ceppo Morelli
1%
Cigliè
1%
Civiasco
1%
Corsione
1%
Costa Vescovato
1%
Craveggia
1%
Cressa
1%
Crevacuore
1%
Cunico
1%
Dorzano
1%
Druogno
1%
Faule
1%
Fontanile
1%
Francavilla Bisio
1%
Frascaro
1%
Fubine Monferrato
1%
Gattico-Veruno
1%
Gignese
1%
Grondona
1%
Isola Sant'Antonio
1%
Lisio
1%
Madonna del Sasso
1%
Massazza
1%
Mollia
1%
Momperone
1%
Monasterolo Casotto
1%
Monasterolo di Savigliano
1%
Moncestino
1%
Mongiardino Ligure
1%
Montabone
1%
Montaldeo
1%
Montaldo Scarampi
1%
Montechiaro d'Acqui
1%
Montemarzino
1%
Morbello
1%
Morsasco
1%
Motta de' Conti
1%
Nebbiuno
1%
Nibbiola
1%
Niella Belbo
1%
Oggebbio
1%
Olivola
1%
Orsara Bormida
1%
Paderna
1%
Pareto
1%
Paroldo
1%
Pasturana
1%
Penango
1%
Perlo
1%
Piode
1%
Ponti
1%
Ponzano Monferrato
1%
Pozzol Groppo
1%
Premeno
1%
Rassa
1%
Recetto
1%
Roascio
1%
Rocca Cigliè
1%
Rocca d'Arazzo
1%
Roccaforte Ligure
1%
Sale delle Langhe
1%
San Benedetto Belbo
1%
Sarezzano
1%
Scurzolengo
1%
Serralunga di Crea
1%
Settime
1%
Sizzano
1%
Spineto Scrivia
1%
Tagliolo Monferrato
1%
Terdobbiate
1%
Ternengo
1%
Ticineto
1%
Toceno
1%
Tollegno
1%
Tornaco
1%
Torre San Giorgio
1%
Torresina
1%
Vaglio Serra
1%
Valdengo
1%
Vespolate
1%
Viarigi
1%
Vignole Borbera
1%
Villadeati
1%
Villamiroglio
1%
Villaromagnano
1%
Vinzaglio
1%
Vocca
1%
Volpeglino
1%
Agrate Conturbia
0%
Ailoche
0%
Arola
0%
Aurano
0%
Barengo
0%
Benna
0%
Beura-Cardezza
0%
Bioglio
0%
Boccioleto
0%
Bogogno
0%
Bolzano Novarese
0%
Borriana
0%
Brovello-Carpugnino
0%
Calasca-Castiglione
0%
Callabiana
0%
Camandona
0%
Cambiasca
0%
Caprezzo
0%
Caprile
0%
Casale Corte Cerro
0%
Casaleggio Novara
0%
Casalvolone
0%
Casapinta
0%
Cavaglietto
0%
Cellio con Breia
0%
Cervatto
0%
Cesara
0%
Colazza
0%
Comignago
0%
Cossogno
0%
Cravagliana
0%
Crova
0%
Curino
0%
Divignano
0%
Fobello
0%
Gargallo
0%
Germagno
0%
Ghislarengo
0%
Giarole
0%
Gifflenga
0%
Graglia
0%
Granozzo con Monticello
0%
Gremiasco
0%
Guardabosone
0%
Guazzora
0%
Gurro
0%
Intragna
0%
Landiona
0%
Loreglia
0%
Lozzolo
0%
Malvicino
0%
Mandello Vitta
0%
Masserano
0%
Massino Visconti
0%
Massiola
0%
Mezzana Mortigliengo
0%
Mezzomerico
0%
Miagliano
0%
Miasino
0%
Miazzina
0%
Molino dei Torti
0%
Mombello Monferrato
0%
Monleale
0%
Montacuto
0%
Montecastello
0%
Montecrestese
0%
Montescheno
0%
Muzzano
0%
Nonio
0%
Oldenico
0%
Oleggio Castello
0%
Parodi Ligure
0%
Pecetto di Valenza
0%
Pertengo
0%
Piatto
0%
Pietra Marazzi
0%
Pisano
0%
Pomaro Monferrato
0%
Ponderano
0%
Portula
0%
Postua
0%
Pralungo
0%
Premosello-Chiovenda
0%
Quaregna Cerreto
0%
Quarna Sopra
0%
Quarna Sotto
0%
Rimella
0%
Rivarone
0%
Roasio
0%
Rocchetta Ligure
0%
Ronco Biellese
0%
Rosignano Monferrato
0%
Sali Vercellese
0%
San Bernardino Verbano
0%
San Nazzaro Sesia
0%
Sant'Agata Fossili
0%
Sardigliano
0%
Sillavengo
0%
Solonghello
0%
Sostegno
0%
Strona
0%
Tassarolo
0%
Tavigliano
0%
Torrazzo
0%
Trarego Viggiona
0%
Treville
0%
Trontano
0%
Vallanzengo
0%
Valle Cannobina
0%
Valle San Nicolao
0%
Valmacca
0%
Valstrona
0%
Vanzone con San Carlo
0%
Veglio
0%
Vignone
0%
Viguzzolo
0%
Villa del Bosco
0%
Villette
0%
Zumaglia
0%

Score Distribution

Percentile by Number Answered

Percent of People with Each Score

Your Score History

You have not taken this quiz